[Event "Chigorin Memorial 20th"]
[Site "St Petersburg"]
[Date "2012.11.03"]
[Round "8"]
[White "Pen, Pyotr"]
[Black "Fomichenko, Eduard"]
[Result "0-1"]
[WhiteElo "2150"]
[BlackElo "2460"]
[PlyCount "90"]
[EventDate "2012.10.27"]
[EventType "swiss"]
[EventRounds "9"]
[EventCountry "RUS"]
[SourceTitle "EXT 2013"]
[Source "ChessBase"]
[SourceDate "2012.11.22"]
[SourceVersion "1"]
[SourceVersionDate "2012.11.22"]
[SourceQuality "1"]

1. e4 c5 2. Nf3 e6 3. b3 Nf6 4. e5 Nd5 5. c4 Ne7 6. Bb2 Nbc6 7. h4 b6 8. Nc3 d6 9. exd6 Nf5 10. Nb5 Bxd6 11. Bd3 Be7 12. Bxf5 exf5 13. Bxg7 Rg8 14. Be5 Kf8 15. Bg3 Bb7 16. Qc2 Qd7 17. a3 Rc8 18. 0-0-0 a6 19. d4 axb5 20. dxc5 Qe6 21. Rhe1 Qh6+ 22. Kb1 f4 23. cxb5 fxg3 24. bxc6 Bxc6 25. Ne5 Be8 26. c6 Rxc6 27. Nxc6 Qxc6 28. Qe2 Qf6 29. f3 Qxh4 30. Rc1 Qf6 31. Rc7 Bd6 32. Rb7 Kg7 33. Rxb6 Qf5+ 34. Ka2 Qc5 35. Ra6 f6 36. Qd2 Be5 37. Ra5 Qd4 38. Qxd4 Bxd4 39. Re7+ Bf7 40. Ra4 Bf2 41. Rg4+ Kf8 42. Rxg8+ Bxg8 43. Rc7 h5 44. Rc1 Bd5 45. Rc3 h4 0-1

[Event "Chigorin Memorial 20th"]
[Site "St Petersburg"]
[Date "2012.10.29"]
[Round "3"]
[White "Annageldyev, Orazly"]
[Black "Pen, Pyotr"]
[Result "1-0"]
[WhiteElo "2394"]
[BlackElo "2150"]
[PlyCount "31"]
[EventDate "2012.10.27"]
[EventType "swiss"]
[EventRounds "9"]
[EventCountry "RUS"]
[SourceTitle "EXT 2013"]
[Source "ChessBase"]
[SourceDate "2012.11.22"]
[SourceVersion "1"]
[SourceVersionDate "2012.11.22"]
[SourceQuality "1"]

1. e4 c5 2. c3 d5 3. exd5 Qxd5 4. d4 cxd4 5. cxd4 Nc6 6. Nf3 Bg4 7. Be2 0-0-0 8. Nc3 Qd7 9. d5 Bxf3 10. Bxf3 Ne5 11. Bf4 Qf5 12. Rc1 Nxf3+ 13. Qxf3 Nf6 14. 0-0 g5 15. Ne4+ Kd7 16. Qd3 1-0

[Event "Chigorin Memorial 20th"]
[Site "St Petersburg"]
[Date "2012.10.28"]
[Round "2"]
[White "Pen, Pyotr"]
[Black "Kuvyrshin, Maksim"]
[Result "1-0"]
[WhiteElo "2150"]
[BlackElo "1865"]
[PlyCount "65"]
[EventDate "2012.10.27"]
[EventType "swiss"]
[EventRounds "9"]
[EventCountry "RUS"]
[SourceTitle "EXT 2013"]
[Source "ChessBase"]
[SourceDate "2012.11.22"]
[SourceVersion "1"]
[SourceVersionDate "2012.11.22"]
[SourceQuality "1"]

1. e4 c5 2. Nf3 d6 3. d4 cxd4 4. Nxd4 Nf6 5. Nc3 g6 6. f3 Bg7 7. Be3 0-0 8. Qd2 Nc6 9. 0-0-0 d5 10. Kb1 a6 11. h4 Qc7 12. Nxd5 Nxd5 13. exd5 Ne5 14. h5 Nc4 15. Bxc4 Qxc4 16. hxg6 fxg6 17. Bh6 Rf7 18. Bxg7 Kxg7 19. Qg5 Bd7 20. Rh4 Kg8 21. Re4 Re8 22. Nc6 Qxe4 23. fxe4 bxc6 24. c4 cxd5 25. Qxd5 Bg4 26. Rd2 e6 27. Qg5 Bh5 28. g4 Rf1+ 29. Kc2 Rg1 30. Rd7 Bxg4 31. Qf6 Rg2+ 32. Kb3 Rb8+ 33. Ka3 1-0

[Event "St Petersburg Botvinnik Memorial op"]
[Site "St Petersburg"]
[Date "2012.08.30"]
[Round "6"]
[White "Usmanov, Vasily"]
[Black "Pen, Pyotr"]
[Result "1/2-1/2"]
[WhiteElo "2333"]
[BlackElo "2138"]
[PlyCount "149"]
[EventDate "2012.08.25"]
[EventType "swiss"]
[EventRounds "9"]
[EventCountry "RUS"]
[SourceTitle "CBM 150 Extra"]
[Source "ChessBase"]
[SourceDate "2012.10.19"]
[SourceVersion "1"]
[SourceVersionDate "2012.10.19"]
[SourceQuality "1"]

1. c4 Nf6 2. d4 g6 3. Nc3 Bg7 4. e4 d6 5. Be2 0-0 6. Bg5 c5 7. d5 e6 8. Qd2 exd5 9. exd5 a6 10. Nf3 Bg4 11. 0-0 Re8 12. h3 Bxf3 13. Bxf3 Nbd7 14. a4 Qa5 15. Qf4 Re5 16. Qg3 Qb4 17. Bf4 Qxb2 18. Bxe5 Nxe5 19. Be2 Nh5 20. Bxh5 Nxc4 21. Be2 Nd2 22. Rfc1 Re8 23. Bf1 Be5 24. Qd3 Nb3 25. Rcb1 Qxc3 26. Qxc3 Bxc3 27. Ra3 Nd2 28. Rxb7 Bd4 29. Ra2 Ne4 30. Bxa6 Nc3 31. Rc2 Nxa4 32. Rb3 Re1+ 33. Kh2 Kg7 34. g3 h5 35. Bb7 h4 36. Rc4 hxg3+ 37. Kxg3 Re4 38. Kg2 Rf4 39. Rxa4 Rxf2+ 40. Kg3 Rd2 41. Ba6 Be5+ 42. Kf3 Rxd5 43. Bc4 Rd4 44. Rd3 Rf4+ 45. Kg2 f6 46. Ra7+ Kh6 47. Bg8 Rb4 48. h4 Kh5 49. Rh7+ Kg4 50. Bb3 c4 51. Bd1+ Kf5 52. Rf3+ Ke6 53. Bc2 c3 54. Kh3 g5 55. hxg5 fxg5 56. Rh6+ Kd5 57. Rg6 Rh4+ 58. Kg2 Rh2+ 59. Kf1 Rxc2 60. Rxg5 Ke4 61. Rh3 Bf4 62. Rg4 Kf5 63. Rg8 Be5 64. Ke1 Ke4 65. Rg4+ Kd5 66. Rd3+ Kc5 67. Re4 Rh2 68. Rxe5+ dxe5 69. Rxc3+ Kd4 70. Ra3 Rb2 71. Rh3 e4 72. Ra3 Rc2 73. Kd1 Rg2 74. Ke1 e3 75. Ra8 1/2-1/2

[Event "St Petersburg Botvinnik Memorial op"]
[Site "St Petersburg"]
[Date "2012.08.29"]
[Round "5"]
[White "Pen, Pyotr"]
[Black "Aleksandrov, Grigoriy"]
[Result "1-0"]
[WhiteElo "2138"]
[BlackElo "1845"]
[PlyCount "81"]
[EventDate "2012.08.25"]
[EventType "swiss"]
[EventRounds "9"]
[EventCountry "RUS"]
[SourceTitle "CBM 150 Extra"]
[Source "ChessBase"]
[SourceDate "2012.10.19"]
[SourceVersion "1"]
[SourceVersionDate "2012.10.19"]
[SourceQuality "1"]

1. e4 c5 2. Nf3 d6 3. d4 cxd4 4. Nxd4 Nf6 5. Nc3 a6 6. Be2 e5 7. Nb3 Be6 8. 0-0 Be7 9. Be3 Nbd7 10. f3 Nc5 11. Nxc5 dxc5 12. Qe1 0-0 13. Na4 Qc7 14. c4 Rad8 15. Nc3 Bd6 16. Rc1 Qa5 17. Bg5 Qb4 18. b3 h6 19. Be3 Qb6 20. Qf2 Be7 21. Na4 Qa5 22. Nxc5 Qxa2 23. Ra1 Qb2 24. Rfb1 Qc3 25. Rc1 Qb2 26. Rab1 Qa3 27. Nxb7 Rb8 28. Nc5 Rfd8 29. Ra1 Qb2 30. Nd3 Qxb3 31. Nxe5 Ra8 32. Nc6 Re8 33. Rcb1 Qc2 34. Nd4 Qc3 35. Nxe6 fxe6 36. Bd4 Qd2 37. Rb2 Qf4 38. c5 a5 39. Bb5 Reb8 40. Bc4 Kf7 41. Rb6 1-0

[Event "St Petersburg Botvinnik Memorial op"]
[Site "St Petersburg"]
[Date "2012.08.27"]
[Round "3"]
[White "Pen, Pyotr"]
[Black "Kazantsev, Alexandr"]
[Result "1-0"]
[WhiteElo "2138"]
[BlackElo "1960"]
[PlyCount "53"]
[EventDate "2012.08.25"]
[EventType "swiss"]
[EventRounds "9"]
[EventCountry "RUS"]
[SourceTitle "CBM 150 Extra"]
[Source "ChessBase"]
[SourceDate "2012.10.19"]
[SourceVersion "1"]
[SourceVersionDate "2012.10.19"]
[SourceQuality "1"]

1. e4 c5 2. Nf3 d6 3. d4 cxd4 4. Nxd4 Nf6 5. Nc3 a6 6. f3 Nbd7 7. Be3 e6 8. Qd2 Be7 9. 0-0-0 0-0 10. g4 Qc7 11. g5 Ne8 12. h4 Ne5 13. h5 b5 14. g6 fxg6 15. hxg6 Nxg6 16. Bh3 Rf6 17. Bg5 Nf8 18. Bxf6 Nxf6 19. Rhg1 b4 20. Nce2 e5 21. Bxc8 Rxc8 22. Nf5 Ne8 23. Kb1 Ng6 24. Rc1 Rb8 25. Qd5+ Kf8 26. Rxg6 Rb5 27. Qe6 1-0

[Event "St Petersburg Blockade op"]
[Site "St Petersburg"]
[Date "2012.01.10"]
[Round "8"]
[White "Pen, Pyotr"]
[Black "Kitsis, Andrey"]
[Result "1/2-1/2"]
[WhiteElo "2160"]
[BlackElo "2195"]
[PlyCount "111"]
[EventDate "2012.01.03"]
[EventType "swiss"]
[EventRounds "9"]
[EventCountry "RUS"]
[SourceTitle "EXT 2014"]
[Source "ChessBase"]
[SourceDate "2013.11.20"]
[SourceVersion "1"]
[SourceVersionDate "2013.11.20"]
[SourceQuality "1"]

1. d4 Nf6 2. Bg5 d5 3. Nf3 Ne4 4. Bf4 g6 5. e3 Bg7 6. Bd3 c5 7. c3 cxd4 8. exd4 Nd7 9. Nbd2 Ndf6 10. Qa4+ Bd7 11. Qb3 Bc6 12. Ne5 Nh5 13. Be3 Nxd2 14. Bxd2 Qc7 15. f4 Rb8 16. 0-0 0-0 17. Rae1 e6 18. Qd1 Qb6 19. b3 Bb5 20. c4 dxc4 21. bxc4 Bxe5 22. fxe5 Bxc4 23. Be3 Bxd3 24. Qxd3 Rbd8 25. Qe4 f5 26. Qf3 f4 27. Bf2 Qc6 28. Qxc6 bxc6 29. Rc1 Rc8 30. Rc5 Rf7 31. Rfc1 Rfc7 32. Be1 Ng7 33. R1c4 Nf5 34. a3 Kf7 35. Bd2 g5 36. Kf2 Rb7 37. g3 fxg3+ 38. hxg3 g4 39. Bb4 Rd7 40. Rxc6 Rxc6 41. Rxc6 Nxd4 42. Rc8 Kg6 43. Bd6 Rf7+ 44. Kg2 Nb5 45. Bc5 Kf5 46. Rb8 a6 47. a4 Nc3 48. Bd6 Nd5 49. Ra8 Ke4 50. Bc5 Rc7 51. Bf2 Rc6 52. Rh8 Rc2 53. Rxh7 Ne3+ 54. Kg1 Nf5 55. Rb7 Rc4 56. a5 1/2-1/2

[Event "St Petersburg Blockade op"]
[Site "St Petersburg"]
[Date "2012.01.05"]
[Round "3"]
[White "Belenkaya, Dina"]
[Black "Pen, Pyotr"]
[Result "1-0"]
[WhiteElo "2208"]
[BlackElo "2160"]
[PlyCount "33"]
[EventDate "2012.01.03"]
[EventType "swiss"]
[EventRounds "9"]
[EventCountry "RUS"]
[SourceTitle "EXT 2014"]
[Source "ChessBase"]
[SourceDate "2013.11.20"]
[SourceVersion "1"]
[SourceVersionDate "2013.11.20"]
[SourceQuality "1"]

1. e4 Nc6 2. Nf3 d6 3. Bb5 Bg4 4. 0-0 a6 5. Ba4 b5 6. Bb3 Nd4 7. Bxf7+ Kxf7 8. Ng5+ Kg6 9. f3 Kxg5 10. fxg4 Qd7 11. h4+ Kxh4 12. d3 Nf6 13. c3 e5 14. Qe1+ Kxg4 15. cxd4 Nh5 16. Qe2+ Kh4 17. Rf5 1-0

[Event "St Petersburg Autumn op"]
[Site "St Petersburg"]
[Date "2011.11.03"]
[Round "7"]
[White "Pen, Pyotr"]
[Black "Sichinava, Zviad"]
[Result "1-0"]
[WhiteElo "2144"]
[BlackElo "2372"]
[PlyCount "63"]
[EventDate "2011.10.28"]
[EventType "swiss"]
[EventRounds "9"]
[EventCountry "RUS"]
[SourceTitle "EXT 2013"]
[Source "ChessBase"]
[SourceDate "2012.11.22"]
[SourceVersion "1"]
[SourceVersionDate "2012.11.22"]
[SourceQuality "1"]

1. e4 d6 2. d4 g6 3. Nc3 Bg7 4. f4 Nf6 5. Nf3 0-0 6. Be3 Nbd7 7. Qd2 c6 8. 0-0-0 b5 9. Bd3 a6 10. e5 Nd5 11. Nxd5 cxd5 12. h4 Nb6 13. b3 Qc7 14. h5 Nc4 15. bxc4 bxc4 16. Qc3 Bg4 17. hxg6 fxg6 18. Rh4 Qd7 19. Be2 Rab8 20. Kd2 Bf5 21. Rg1 Qa4 22. g4 Be4 23. Ng5 Bxc2 24. Rc1 Bd3 25. Bxd3 cxd3 26. Qxd3 Rb2+ 27. Ke1 Qxa2 28. Rxh7 Rb3 29. Qe2 Qa3 30. Bd2 Rg3 31. Qh2 Re3+ 32. Kf2 1-0

[Event "St Petersburg Botvinnik 100 op"]
[Site "St Petersburg"]
[Date "2011.08.13"]
[Round "2"]
[White "Pen, Pyotr"]
[Black "Novikov, Mikhael Ivanovich"]
[Result "1-0"]
[WhiteElo "2175"]
[BlackElo "1926"]
[PlyCount "39"]
[EventDate "2011.08.12"]
[EventType "swiss"]
[EventRounds "9"]
[EventCountry "RUS"]
[SourceTitle "CBM 143 Extra"]
[Source "ChessBase"]
[SourceDate "2011.08.29"]
[SourceVersion "1"]
[SourceVersionDate "2011.08.29"]
[SourceQuality "1"]

1. e4 e5 2. Nf3 Nf6 3. d4 Nxe4 4. dxe5 Nc5 5. Nc3 Nc6 6. Be3 Ne6 7. Bd3 Be7 8. Qe2 0-0 9. 0-0-0 Bg5 10. Nxg5 Nxg5 11. Qh5 h6 12. h4 Ne6 13. Rh3 f6 14. exf6 Rxf6 15. Nd5 Rf7 16. Bh7+ Kf8 17. Bg6 Re7 18. Bxh6 gxh6 19. Qxh6+ Kg8 20. Nf6# 1-0

[Event "St Petersburg Spring op"]
[Site "St Petersburg"]
[Date "2011.03.25"]
[Round "3"]
[White "Pen, Pyotr"]
[Black "Eltsov, Valery"]
[Result "1-0"]
[WhiteElo "2143"]
[BlackElo "2098"]
[PlyCount "42"]
[EventDate "2011.03.23"]
[EventType "swiss"]
[EventRounds "9"]
[EventCountry "RUS"]
[SourceTitle "CBM 141 Extra"]
[Source "ChessBase"]
[SourceDate "2011.05.03"]
[SourceVersion "1"]
[SourceVersionDate "2011.05.03"]
[SourceQuality "1"]

1. e4 e5 2. Nf3 Nc6 3. d4 exd4 4. Nxd4 Bc5 5. Be3 Qf6 6. c3 Nge7 7. Bc4 Ne5 8. Be2 Qg6 9. 0-0 d6 10. Kh1 0-0 11. f3 d5 12. Nd2 dxe4 13. Nxe4 Nd5 14. Bg5 Bb6 15. c4 f5 16. Nxf5 Qxf5 17. Qxd5+ Be6 18. Qb5 h6 19. Bd2 a6 20. Qa4 Bd4 21. Rad1 Ng4 1-0

[Event "Chigorin Memorial 18th"]
[Site "St Petersburg"]
[Date "2010.11.05"]
[Round "9"]
[White "Yakimenko, Alexander A"]
[Black "Pen, Pyotr"]
[Result "0-1"]
[WhiteElo "2211"]
[BlackElo "2047"]
[PlyCount "124"]
[EventDate "2010.10.28"]
[EventType "swiss"]
[EventRounds "9"]
[EventCountry "RUS"]
[SourceTitle "EXT 2011"]
[Source "ChessBase"]
[SourceDate "2010.11.26"]
[SourceVersion "1"]
[SourceVersionDate "2010.11.26"]
[SourceQuality "1"]

1. d4 Nf6 2. c4 g6 3. Nc3 d6 4. e4 Bg7 5. Nf3 0-0 6. Be2 e5 7. 0-0 Nc6 8. d5 Ne7 9. Ne1 Nd7 10. Nd3 f5 11. f3 f4 12. Bd2 h5 13. b4 g5 14. c5 Nf6 15. Nf2 Rf7 16. Rc1 Ng6 17. h3 Bf8 18. cxd6 Bxd6 19. Nb5 Rh7 20. Nxd6 cxd6 21. Qa4 g4 22. fxg4 hxg4 23. hxg4 Bd7 24. Qa5 b6 25. Qa3 Ne8 26. Rc3 Kg7 27. b5 Qe7 28. Rfc1 Qg5 29. Qa6 Nf6 30. Rc7 Rah8 31. R1c3 Nf8 32. Qxa7 Kg8 33. Rh3 Rxh3 34. gxh3 Qh4 35. Rc3 Rh7 36. Qxb6 Rg7 37. Qxd6 Qxf2+ 38. Kxf2 Nxe4+ 39. Kg1 Nxd6 40. Rb3 Ng6 41. b6 Bc8 42. Bb4 Nf7 43. a4 e4 44. a5 Nd8 45. a6 f3 46. Bf1 Nf4 47. Bd6 Ne2+ 48. Kf2 Bxa6 49. Bc7 Nb7 50. Ra3 Nc5 51. d6 Rf7 52. Ke3 f2 53. Rxa6 Nxa6 54. Bxe2 Nc5 55. Bf1 Kh7 56. Kd4 Nb3+ 57. Ke5 Nd2 58. Be2 e3 59. b7 f1Q 60. Bxf1 Rxf1 61. b8Q e2 62. Kd5 e1Q 0-1

[Event "Chigorin Memorial 18th"]
[Site "St Petersburg"]
[Date "2010.11.04"]
[Round "8"]
[White "Pen, Pyotr"]
[Black "Manin, Viktor L"]
[Result "0-1"]
[WhiteElo "2047"]
[BlackElo "2253"]
[PlyCount "62"]
[EventDate "2010.10.28"]
[EventType "swiss"]
[EventRounds "9"]
[EventCountry "RUS"]
[SourceTitle "EXT 2011"]
[Source "ChessBase"]
[SourceDate "2010.11.26"]
[SourceVersion "1"]
[SourceVersionDate "2010.11.26"]
[SourceQuality "1"]

1. e4 e5 2. Nf3 Nc6 3. d4 exd4 4. Nxd4 Bc5 5. Be3 Qf6 6. c3 Nge7 7. Bc4 d6 8. 0-0 Ne5 9. Be2 a6 10. f4 N5c6 11. Kh1 Bd7 12. Bg1 0-0 13. e5 Qh6 14. exd6 cxd6 15. Bg4 Bxg4 16. Qxg4 Bxd4 17. cxd4 Qf6 18. Nc3 Nxd4 19. Rad1 Ndf5 20. Ne4 Qh6 21. Rd3 Rac8 22. Qd1 d5 23. Nc3 Rfd8 24. g4 Nh4 25. Rd4 Qf6 26. f5 h5 27. Ne4 Qb6 28. Ng3 Nc6 29. Rxd5 Qxb2 30. Rf2 Rxd5 31. Qxd5 Qa3 0-1

[Event "Chigorin Memorial 18th"]
[Site "St Petersburg"]
[Date "2010.11.01"]
[Round "5"]
[White "Bronnikova, Elizaveta"]
[Black "Pen, Pyotr"]
[Result "0-1"]
[WhiteElo "2270"]
[BlackElo "2047"]
[PlyCount "82"]
[EventDate "2010.10.28"]
[EventType "swiss"]
[EventRounds "9"]
[EventCountry "RUS"]
[SourceTitle "EXT 2011"]
[Source "ChessBase"]
[SourceDate "2010.11.26"]
[SourceVersion "1"]
[SourceVersionDate "2010.11.26"]
[SourceQuality "1"]

1. e4 e6 2. d4 d5 3. Nd2 c5 4. exd5 Qxd5 5. Ngf3 cxd4 6. Bc4 Qd6 7. Qe2 Nf6 8. Nb3 Nc6 9. Bg5 Qb4+ 10. Bd2 Qb6 11. 0-0-0 a6 12. Bg5 Be7 13. Nfxd4 0-0 14. h4 Qc7 15. Nxc6 bxc6 16. Bd3 Bb7 17. Kb1 c5 18. c4 a5 19. Rh3 Rfd8 20. g4 a4 21. Nd2 a3 22. b3 Nxg4 23. Rg1 h5 24. Bxe7 Qxe7 25. f3 Rxd3 26. Qxd3 Qf6 27. Qc2 Ne3 28. Qc1 Qf5+ 29. Ne4 Bxe4+ 30. fxe4 Qxh3 31. Qc3 g6 32. Re1 Qh2 33. Rxe3 Rd8 34. Re1 Rd2 35. Rf1 Rb2+ 36. Ka1 Rxa2+ 37. Kb1 Qb2+ 38. Qxb2 Rxb2+ 39. Ka1 Rxb3 40. Ka2 Rc3 41. Re1 Rxc4 0-1

[Event "St Petersburg Blokadny op"]
[Site "St Petersburg"]
[Date "2010.01.07"]
[Round "5"]
[White "Pen, Pyotr"]
[Black "Enalskiy, Aleksey"]
[Result "1/2-1/2"]
[WhiteElo "1958"]
[BlackElo "1688"]
[PlyCount "100"]
[EventDate "2010.01.03"]
[EventType "swiss"]
[EventRounds "9"]
[EventCountry "RUS"]
[SourceTitle "CBM 134 Extra"]
[Source "ChessBase"]
[SourceDate "2010.03.03"]
[SourceVersion "1"]
[SourceVersionDate "2010.03.03"]
[SourceQuality "1"]

1. e4 e5 2. Nf3 Nc6 3. d4 exd4 4. Nxd4 Bc5 5. Be3 Qf6 6. c3 Nge7 7. Bc4 Ne5 8. Be2 Qg6 9. 0-0 d5 10. exd5 Bh3 11. Bf3 0-0-0 12. Nd2 Nxf3+ 13. Qxf3 Bg4 14. Qg3 Nxd5 15. Nc4 Nxe3 16. fxe3 Bxd4 17. cxd4 Be2 18. Qh3+ Qe6 19. Qxe6+ fxe6 20. Rfc1 Bxc4 21. Rxc4 e5 22. Rac1 c6 23. Rf1 exd4 24. Rxd4 Rxd4 25. exd4 Rd8 26. Rf4 Kc7 27. Kf2 Kd6 28. Ke3 Re8+ 29. Kd3 Re7 30. h4 g6 31. g4 Kd5 32. h5 a5 33. Rf8 a4 34. h6 b5 35. Rg8 Ke6 36. Kc3 Kf6 37. Kb4 Re2 38. Kc5 Rc2+ 39. Kd6 Rc4 40. Rg7 Rxd4+ 41. Kxc6 Rxg4 42. Kxb5 Rh4 43. Rxh7 g5 44. Ra7 Kg6 45. h7 Rxh7 46. Rxh7 Kxh7 47. Kc4 Kg6 48. Kd3 Kf5 49. Ke3 Ke5 50. b4 axb3 1/2-1/2

[Event "St Petersburg Blokadny op"]
[Site "St Petersburg"]
[Date "2010.01.06"]
[Round "4"]
[White "Pimenov, Revolt"]
[Black "Pen, Pyotr"]
[Result "1-0"]
[WhiteElo "2241"]
[BlackElo "1958"]
[PlyCount "42"]
[EventDate "2010.01.03"]
[EventType "swiss"]
[EventRounds "9"]
[EventCountry "RUS"]
[SourceTitle "CBM 134 Extra"]
[Source "ChessBase"]
[SourceDate "2010.03.03"]
[SourceVersion "1"]
[SourceVersionDate "2010.03.03"]
[SourceQuality "1"]

1. c4 Nf6 2. Nc3 d6 3. d4 g6 4. Bg5 Bg7 5. Qd2 0-0 6. Bh6 c6 7. h4 a6 8. h5 b5 9. hxg6 fxg6 10. Bxg7 Kxg7 11. Qh6+ Kg8 12. Nf3 Ra7 13. 0-0-0 Qa5 14. e4 b4 15. Nb1 Qxa2 16. Bd3 e5 17. dxe5 Ng4 18. Qg5 dxe5 19. Rd2 Be6 20. Rh4 Nd7 21. Qe7 Bxc4 1-0

[Event "St Petersburg Blokadny op"]
[Site "St Petersburg"]
[Date "2010.01.05"]
[Round "3"]
[White "Pen, Pyotr"]
[Black "Tarasov, Ilya"]
[Result "1-0"]
[WhiteElo "1958"]
[BlackElo "1846"]
[PlyCount "47"]
[EventDate "2010.01.03"]
[EventType "swiss"]
[EventRounds "9"]
[EventCountry "RUS"]
[SourceTitle "CBM 134 Extra"]
[Source "ChessBase"]
[SourceDate "2010.03.03"]
[SourceVersion "1"]
[SourceVersionDate "2010.03.03"]
[SourceQuality "1"]

1. e4 d6 2. d4 Nf6 3. Nc3 g6 4. f4 Bg7 5. Nf3 c5 6. h3 0-0 7. Be3 cxd4 8. Nxd4 Nc6 9. Bc4 Qc7 10. Bb3 a6 11. 0-0 b5 12. a3 Bb7 13. Qd3 Na5 14. Ba2 Nc4 15. Ndxb5 axb5 16. Nxb5 Qc6 17. Bxc4 Rfc8 18. Bb3 Nxe4 19. Na7 Rxa7 20. Bxa7 Bxb2 21. Bxf7+ Kg7 22. Rae1 Bc3 23. Be6 Ng5 24. Bd4+ 1-0

[Event "St Petersburg Blokadny op"]
[Site "St Petersburg"]
[Date "2010.01.04"]
[Round "2"]
[White "Alekseenko, Kirill"]
[Black "Pen, Pyotr"]
[Result "1-0"]
[WhiteElo "2179"]
[BlackElo "1958"]
[PlyCount "29"]
[EventDate "2010.01.03"]
[EventType "swiss"]
[EventRounds "9"]
[EventCountry "RUS"]
[SourceTitle "CBM 134 Extra"]
[Source "ChessBase"]
[SourceDate "2010.03.03"]
[SourceVersion "1"]
[SourceVersionDate "2010.03.03"]
[SourceQuality "1"]

1. e4 c5 2. Ne2 Nc6 3. d4 cxd4 4. Nxd4 e6 5. Nc3 a6 6. Be2 Bb4 7. 0-0 d6 8. Nxc6 bxc6 9. Qd4 Bxc3 10. Qxc3 Bb7 11. Qxg7 Qf6 12. Bh6 Qxh6 13. Qxh8 0-0-0 14. Qc3 Nf6 15. Bxa6 1-0

[Event "St Petersburg Autumn op"]
[Site "St Petersburg"]
[Date "2009.??.??"]
[Round "4"]
[White "Sinajskij, Anatolij"]
[Black "Pen, Pyotr"]
[Result "0-1"]
[WhiteElo "2100"]
[BlackElo "1945"]
[PlyCount "70"]
[EventDate "2009.10.??"]
[EventType "swiss"]
[EventRounds "9"]
[EventCountry "RUS"]
[SourceTitle "EXT 2011"]
[Source "ChessBase"]
[SourceDate "2010.11.26"]
[SourceVersion "1"]
[SourceVersionDate "2010.11.26"]
[SourceQuality "1"]

1. e4 c5 2. Nf3 d6 3. c3 Nc6 4. Bb5 a6 5. Ba4 Bg4 6. h3 Bh5 7. d4 b5 8. Bb3 Nf6 9. Be3 e6 10. Nbd2 Be7 11. 0-0 0-0 12. Bc2 Rc8 13. g4 Bg6 14. Ne1 Nd7 15. f4 f5 16. d5 exd5 17. exf5 Bf7 18. g5 d4 19. Bf2 Nb6 20. Qg4 Kh8 21. Nef3 Nd5 22. Nh4 Nxf4 23. Ndf3 d3 24. Bd1 Bxg5 25. Kh2 Bh6 26. Be3 Bh5 27. Qg3 Ne2 28. Bxe2 dxe2 29. Rg1 Qf6 30. Ng5 Ne5 31. Ne4 Qxh4 32. Qxh4 Nf3+ 33. Kh1 Nxh4 34. Bxh6 gxh6 35. Nxd6 Rcd8 0-1

[Event "St Petersburg op"]
[Site "St Petersburg"]
[Date "2007.11.03"]
[Round "8"]
[White "Grigoriev, Yury Z"]
[Black "Pen, Pyotr"]
[Result "1-0"]
[WhiteElo "2143"]
[BlackElo "2003"]
[PlyCount "49"]
[EventDate "2007.10.27"]
[EventType "swiss"]
[EventRounds "9"]
[EventCountry "RUS"]
[SourceTitle "CBM 121 Extra"]
[Source "ChessBase"]
[SourceDate "2008.01.10"]
[SourceVersion "1"]
[SourceVersionDate "2008.01.10"]
[SourceQuality "1"]

1. d4 Nf6 2. Nf3 d5 3. c4 e6 4. Nc3 a6 5. cxd5 exd5 6. Qc2 Nc6 7. Bg5 Be7 8. e3 0-0 9. a3 h6 10. Bh4 Be6 11. Bd3 Rc8 12. 0-0 Nb8 13. b4 b6 14. Na4 g5 15. Bg3 Nh5 16. Be5 f6 17. Bh7+ Kh8 18. Qg6 fxe5 19. Qxh6 Nf6 20. Bg6+ Kg8 21. dxe5 Nbd7 22. exf6 Nxf6 23. Nxg5 Bd7 24. Bh7+ Kh8 25. Be4+ 1-0

[Event "St Petersburg op"]
[Site "St Petersburg"]
[Date "2007.10.31"]
[Round "5"]
[White "Pen, Pyotr"]
[Black "Krasnov, Vasiliy G"]
[Result "0-1"]
[WhiteElo "2003"]
[BlackElo "2141"]
[PlyCount "94"]
[EventDate "2007.10.27"]
[EventType "swiss"]
[EventRounds "9"]
[EventCountry "RUS"]
[SourceTitle "CBM 121 Extra"]
[Source "ChessBase"]
[SourceDate "2008.01.10"]
[SourceVersion "1"]
[SourceVersionDate "2008.01.10"]
[SourceQuality "1"]

1. e4 c5 2. Nf3 e6 3. d4 cxd4 4. Nxd4 Nf6 5. Nc3 d6 6. Bc4 a6 7. a3 b5 8. Ba2 Bb7 9. f3 Nc6 10. Be3 Qd7 11. 0-0 Be7 12. Qe2 0-0 13. Rad1 Rac8 14. f4 b4 15. axb4 Nxb4 16. Bc4 Nxe4 17. Nxe4 Bxe4 18. c3 d5 19. Bxa6 Nxa6 20. Qxa6 Ra8 21. Qc6 Qxc6 22. Nxc6 Bf6 23. Ra1 Bd3 24. Rfd1 Bc2 25. Rdc1 Ba4 26. Na7 Bd7 27. b4 Rfb8 28. b5 h6 29. b6 g5 30. g3 gxf4 31. gxf4 d4 32. cxd4 Rxb6 33. Ra2 Rd6 34. Rc4 Rd5 35. Kf2 Bd8 36. Kf3 Kh7 37. Rb4 Kg6 38. Ke4 Kh5 39. Rb7 f5+ 40. Kd3 Bb5+ 41. Kc3 Bc6 42. Rg7 Ba5+ 43. Kd3 Bb6 44. Bf2 Bd7 45. Rb2 Bxa7 46. Rb3 Ba4 47. Ra3 Bc5 0-1

[Event "St Petersburg op"]
[Site "St Petersburg"]
[Date "2007.10.29"]
[Round "3"]
[White "Maslyakov, Sergey"]
[Black "Pen, Pyotr"]
[Result "1-0"]
[WhiteElo "2108"]
[BlackElo "2003"]
[PlyCount "29"]
[EventDate "2007.10.27"]
[EventType "swiss"]
[EventRounds "9"]
[EventCountry "RUS"]
[SourceTitle "CBM 121 Extra"]
[Source "ChessBase"]
[SourceDate "2008.01.10"]
[SourceVersion "1"]
[SourceVersionDate "2008.01.10"]
[SourceQuality "1"]

1. e4 c5 2. Nc3 Nc6 3. f4 e6 4. Nf3 g6 5. Bb5 Bg7 6. Bxc6 bxc6 7. e5 f5 8. d3 Ne7 9. 0-0 Rb8 10. Na4 d6 11. c4 dxe5 12. fxe5 Bxe5 13. Nxe5 Qd4+ 14. Kh1 Qxe5 15. Bf4 1-0

[Event "St Petersburg-ch U18"]
[Site "St Petersburg"]
[Date "2007.10.13"]
[Round "9"]
[White "Toder, Denis"]
[Black "Pen, Pyotr"]
[Result "1-0"]
[WhiteElo "2230"]
[BlackElo "2003"]
[PlyCount "37"]
[EventDate "2007.10.05"]
[EventType "swiss"]
[EventRounds "9"]
[EventCountry "RUS"]
[SourceTitle "EXT 2009"]
[Source "ChessBase"]
[SourceDate "2008.11.26"]
[SourceVersion "1"]
[SourceVersionDate "2008.11.26"]
[SourceQuality "1"]

1. e4 c5 2. c3 Nc6 3. d4 cxd4 4. cxd4 e6 5. Nc3 Bb4 6. a3 Qa5 7. Bd2 Nxd4 8. Rc1 Bd6 9. Nb5 Qb6 10. Nxd6+ Qxd6 11. Be3 e5 12. Ne2 Ne7 13. Nxd4 exd4 14. Qxd4 Qg6 15. Qe5 f6 16. Qg3 Qxg3 17. hxg3 d6 18. Rd1 Kf7 19. Rxd6 1-0